Culture générale - Quiz #46 - Statistiques

Statistiques générales
  • Ce quiz a été pris 60 951 fois
  • Le résultat moyen est 10 sur 20
Statistiques - réponses
Question Réponse % Correct
Quel est le métier de Mario et Luigi ? Plombier
95%
Combien de milligrammes y a-t-il dans un kilogramme ? 1 000 000
91%
Quelle langue est majoritairement parlée en Autriche ? Allemand
82%
Quel est le contraire de "synonyme" ? Un antonyme
80%
Que sont Cod, Horn, et Bonne Espérance ? Des caps
74%
Quelle est l'unité de mesure de vitesse en navigation maritime ? Nœud
71%
Quelle amérindienne ayant réellement existé est l'héroïne d'un film d'animation Disney ? Pocahontas
65%
Quel est le plus grand pays à avoir une frontière avec le Suriname ? Brésil
61%
Quel auteur popularisa le terme de "spleen" à travers ses poèmes ? Charles Baudelaire
59%
Quel aliment est traditionnellement fait dans une baratte ? Le beurre
45%
Quels animaux sont historiquement surnommés "vaisseaux du désert et des steppes" ? Dromadaires
44%
Quel mot, désignant un état d'illumination, est aussi un célèbre groupe des années 90 ? Nirvana
32%
Dans le film "Scarface", de quel pays vient Tony Montana ? Cuba
30%
La prise de quelle ville marqua la fin de la guerre du Vietnam ? Saïgon
28%
Dans quel type de cellules trouve-t-on des axones et des dendrites ? Les neurones
24%
Quelle actrice a joué dans "Avatar" et "Alien" ? Sigourney Weaver
23%
Quelle constellation représente un chasseur de la mythologie grecque ? Orion
18%
Quel auteur britannique avait pour prénoms John Ronald Reuel ? J.R.R. Tolkien
17%
Selon la légende, qui a chassé les serpents d'Irlande ? Saint Patrick
16%
Comment s'appelait le mari de la reine Victoria, qui a donné son nom à un célèbre théâtre de Londres et aux docks de Liverpool ? Albert
11%
Aucun quiz correspondant
Distribution des résultats
% des personnes avec chaque résultat
Percentile par nombre de réponses
Votre historique - résultats
Vous n’avez pas pris ce quiz